England Players To Have Missed Penalties In Penalty Shootouts - Statistics

General Stats
  • This quiz has been taken 26 times
  • The average score is 10 of 18
Answer Stats
Year Tournament Opponent Player % Correct
2021 European Championship Italy Bukayo Saka
91%
2021 European Championship Italy Marcus Rashford
91%
2006 World Cup Portugal Frank Lampard
87%
2006 World Cup Portugal Steven Gerrard
87%
2004 European Championship Portugal David Beckham
78%
1996 European Championship Germany Gareth Southgate
74%
2021 European Championship Italy Jadon Sancho
65%
1990 World Cup West Germany Stuart Pearce
61%
2012 European Championship Italy Ashley Cole
52%
1990 World Cup West Germany Chris Waddle
52%
2018 World Cup Colombia Jordan Henderson
52%
1998 King Hassan II International Cup Belgium Les Ferdinand
48%
1998 World Cup Argentina David Batty
39%
1998 World Cup Argentina Paul Ince
39%
2006 World Cup Portugal Jamie Carragher
35%
2012 European Championship Italy Ashley Young
30%
2004 European Championship Portugal Darius Vassell
22%
1998 King Hassan II International Cup Belgium Robert Lee
17%
No matching quizzes found
Score Distribution
Percent of People with Each Score
Percentile by Number Answered
Your Score History
You have not taken this quiz